Druhý ročník výstavy Okrasné akváriá

Bibliographic Details
Main Author: Blahák, Pavel (Author)
Format: Article
Language:Slovak
PhysicalDescription:Obr. 1.
Subjects:

MARC

LEADER 00000nab a2200000 a 4500
001 vtls000188973
003 SK-MaSNL
005 20260304194701.0
008 250422c1984 xo 0 slo
015 |a SNBRB19rr/mm-uuuuu 
035 |a CL0199086 
035 |a urn:nbn:sk:snk-ab2n98 
035 |a (urnnbn)urn:nbn:sk:snk:ar-a02nz7 
035 |a (uuid)44b913de-f106-447d-9890-c55cb9da1652 
040 |a SNKBUCL  |b slo  |c SNKBUCL  |e AACR2 
041 0 |a slo 
044 |a xo  |c SK 
080 |a 639.34:069.5  |2 1981 
080 |a 069.5  |2 1981 
100 1 |a Blahák, Pavel  |4 aut  |9 1168641 
245 1 0 |a Druhý ročník výstavy Okrasné akváriá  |c Pavel Blahák 
300 |b Obr. 1. 
610 2 7 |a Slovenské národné múzeum  |2 SNKKA  |9 32460 
650 0 7 |a akváriá  |2 SNKPH  |9 21970 
655 7 |a články z novín a časopisov  |2 SNK  |9 267496 
773 0 |t Múzeum  |g Roč. 29, č. 2 (1984), s. 85-86 
850 |a Slovenská národná knižnica 
852 |a Slovenská národná knižnica 
954 |a odborná, vedecká literatúra pôvodná (slovenská)  |2 lita 
957 |a 5100 
958 |a article27 
958 |a OND 
958 |a EUIPO 
992 |a RBX 
999 |c 3075953  |d 3077883